Kandidát a prezident Donal Trump na Twitteri

Kvalitatívna a kvantitatívna analýza prejavov D. Trumpa na Twitteri pred a po voľbách amerického prezidenta.

Salvato in:
Dettagli Bibliografici
Autore principale: Maierová, Eva, 1965-
Natura: Capitolo di libro
Lingua:slovacco
Soggetti:
Tags: Aggiungi Tag
Nessun Tag, puoi essere il primo ad aggiungerne!!

MARC

LEADER 00000naa$a2200000$$$4500
001 0237624
005 20240502073835.6
041 0 |a slo 
044 |a SK 
245 1 0 |a Kandidát a prezident Donal Trump na Twitteri  |c Eva Maierová 
520 |a Kvalitatívna a kvantitatívna analýza prejavov D. Trumpa na Twitteri pred a po voľbách amerického prezidenta. 
610 2 0 |a siete sociálne 
610 2 0 |a internet 
610 2 0 |a komunikácia 
610 2 0 |a prezidenti 
610 2 0 |a USA 
100 1 |a Maierová, Eva, 1965-